000
00256nam a2200097Ia 4500
001
1225722
005
20250827092950.0
008
250824s9999 xx 000 0 und d
245
0
_a
BEN NEYİM
_c
HAKAN MENGÜÇ
260
_b
DESTEK YAYINLARI
999
_c
1225722
_d
1225722